Central Library OPAC University of Rajshahi

Salt marshes and salt deserts of the world / (Record no. 12322)

MARC details
000 -LEADER
fixed length control field 00937cam a22003011 4500
001 - CONTROL NUMBER
control field 12322
003 - CONTROL NUMBER IDENTIFIER
rucl marc code BD-RjUL
005 - DATE AND TIME OF LATEST TRANSACTION
control field 20211208235255.0
008 - FIXED-LENGTH DATA ELEMENTS--GENERAL INFORMATION
fixed length control field 140128s1960 enka b 001 0 eng
035 ## - SYSTEM CONTROL NUMBER
System control number (BD-RjUL)12371
040 ## - CATALOGING SOURCE
Original cataloging agency DLC/ICU
Transcribing agency ICU
Modifying agency BD-RjUL
Language of cataloging eng
041 ## - LANGUAGE CODE
Language code of text/sound track or separate title eng
082 00 - DEWEY DECIMAL CLASSIFICATION NUMBER
Classification number 581.5265
Author mark and year CHS 1960
100 1# - MAIN ENTRY--PERSONAL NAME
Personal name Chapman, V. J.
Fuller form of name (Valentine Jackson),
Dates associated with a name 1910-
9 (RLIN) 38269
245 10 - TITLE STATEMENT
Title Salt marshes and salt deserts of the world /
Statement of responsibility, etc. V. J. Chapman
260 ## - PUBLICATION, DISTRIBUTION, ETC. (IMPRINT)
Place of publication, distribution, etc. London :
Name of publisher, distributor, etc. L. Hill,
Place of publication, distribution, etc. New York :
Name of publisher, distributor, etc. Interscience Publishers,
Date of publication, distribution, etc. c1960.
300 ## - PHYSICAL DESCRIPTION
Pagination xvi, 392 p. :
Illustrations illus. ;
Size 25 cm.
490 ## - SERIES STATEMENT
Series statement Plant science monographs
504 ## - BIBLIOGRAPHY, ETC. NOTE
Bibliography, etc Include bibliography and index.
650 #0 - SUBJECT ADDED ENTRY--TOPICAL TERM
Topical term or geographic name as entry element Salt marsh plants.
9 (RLIN) 38270
Topical term or geographic name as entry element Salt marshes.
9 (RLIN) 38271
Topical term or geographic name as entry element Halophytes.
9 (RLIN) 38272
Topical term or geographic name as entry element Alkali lands.
9 (RLIN) 38273
Topical term or geographic name as entry element Reclamation of land.
9 (RLIN) 11573
942 ## - ADDED ENTRY ELEMENTS (KOHA)
Source of classification or shelving scheme Dewey Decimal Classification
Koha item type Books
Holdings
Lost status Source of classification or shelving scheme Damaged status Not for loan Collection code Permanent Location Current Location Shelving location Date acquired Source of acquisition Cost, normal purchase price Total Checkouts Full call number Date last seen Copy number Koha item type
  Dewey Decimal Classification   Not For Loan Non-fiction Central Library, University of Rajshahi Central Library, University of Rajshahi Reading Room 23/01/2062 Magraw hill book co. 4.15   581.5265 CHS 1960 28/01/2014 C-1 Books